All the Artists in Eurovision 2020-2023 - Statistics

General Stats
  • This quiz has been taken 21 times
  • The average score is 40 of 129
Answer Stats
Artists % Correct
Loreen
69%
Maneskin
69%
STEFAN
63%
Jendrik
56%
Kaarija
56%
Sam Ryder
56%
TIX
56%
Tusse
56%
Alessandra
50%
Chanel
50%
Go_A
50%
James Newman
50%
Kalush Orchestra
50%
Lord Of the Lost
50%
Remo Forrer
50%
Stefania
50%
Subwoolfer
50%
Albina
44%
Alika
44%
Amanda Tenfjord
44%
Andrew Lambrou
44%
Barbara Pravi
44%
Ben Dolic
44%
Blanca Paloma
44%
Cornelia Jakobs
44%
Destiny
44%
Gjon's Tears
44%
Malik Harris
44%
Marco Mengoni
44%
MARO
44%
Teya and Salena
44%
The Rasmus
44%
TVORCHI
44%
Ulrikke
44%
Aksel
38%
Blanka
38%
Blas Canto
38%
Efendi
38%
Joker Out
38%
Konstrakta
38%
Luke Black
38%
Marius Bear
38%
Mimicat
38%
S10
38%
The Busker
38%
Victoria
38%
Blind Channel
31%
Citi Zeni
31%
Gustaph
31%
Hurricane
31%
Iru
31%
Jeangu Macrooy
31%
La Zarra
31%
LPS
31%
Mae Muller
31%
Mahmood and BLANCO
31%
Monika Liu
31%
Natalia Gordienko
31%
Ochman
31%
Piqued Jacks
31%
Roxen
31%
The Roop
31%
Vesna
31%
Vincent Bueno
31%
Voyager
31%
WRS
31%
Achille Lauro
25%
Ana Soklic
25%
Andrea
25%
Andromache
25%
Anxhela Peristeri
25%
Arilena Ara
25%
Athena Manoukian
25%
Ben and Tan
25%
Benny Cristo
25%
Brooke
25%
Diodato
25%
Emma Muscat
25%
Hooverphonic
25%
Let 3
25%
Manizha
25%
Monika Linkyte
25%
Montaigne
25%
Noa Kirel
25%
Pasha Parfeni
25%
Rafal
25%
REDDI
25%
Ronela Hajati
25%
Rosa Linn
25%
Samanta Tina
25%
Sheldon Riley
25%
Sudden Lights
25%
The Black Mamba
25%
Theodor Andrei
25%
Tom Leeb
25%
Uku Suviste
25%
Vasil
25%
Wild Youth
25%
Alicja
19%
Alvan and Ahez
19%
Brunette
19%
Circus Mircus
19%
Damir Kedzo
19%
Elena Tsagrinou
19%
Elisa
19%
Intelligent Music Project
19%
Jeremie Makiese
19%
Lesley Roy
19%
Mia Nicolai and Dion Cooper
19%
Michael Ben David
19%
Nadir Rustamli
19%
Reiley
19%
Tornike Kipiani
19%
TuralTuranX
19%
Victor Vernicos
19%
Vladana
19%
We Are Domi
19%
Zdob Si Zdub and Advahov Brothers
19%
Dadi and Gagnamagnid
13%
Fyr Og Flamme
13%
Sandro
13%
Sistur
13%
VAL
13%
Eden Elene
6%
LUMIX Feat. Pia Maria
6%
Mia Dimisic
6%
Senhit feat. Flo Rida
6%
Albina Kelmendi and Familja Kelmendi
0%
Dilija
0%
No matching quizzes found
Score Distribution
Percent of People with Each Score
Percentile by Number Answered
Your Score History
You have not taken this quiz